<?xml version="1.0" encoding="UTF-8"?>
<collection xmlns="http://www.loc.gov/MARC21/slim">
 <record>
  <leader>00506pamaa2200157   4500</leader>
  <controlfield tag="001">0000032807</controlfield>
  <controlfield tag="005">20070802090000.0</controlfield>
  <datafield tag="020" ind1="0" ind2="0">
   <subfield code="a">0435240773 </subfield>
  </datafield>
  <datafield tag="082" ind1=" " ind2=" ">
   <subfield code="a">371.1 CAM</subfield>
  </datafield>
  <datafield tag="090" ind1="0" ind2="0">
   <subfield code="a">LB1775 </subfield>
   <subfield code="b">CAM 1995</subfield>
  </datafield>
  <datafield tag="100" ind1="1" ind2="0">
   <subfield code="a">Campbell </subfield>
  </datafield>
  <datafield tag="245" ind1="1" ind2="0">
   <subfield code="a">The european language classroom towards teaching : </subfield>
   <subfield code="b">an exploration of teaching skills  </subfield>
   <subfield code="c">Colin Campbell, Hanna Kryszewska.</subfield>
  </datafield>
  <datafield tag="260" ind1="0" ind2="0">
   <subfield code="a">Oxford,UK: </subfield>
   <subfield code="b">Heinemann, </subfield>
   <subfield code="c">1995.</subfield>
  </datafield>
  <datafield tag="300" ind1=" " ind2=" ">
   <subfield code="a">x, 86p.: </subfield>
   <subfield code="b">ill.; </subfield>
   <subfield code="c">25cm.</subfield>
  </datafield>
  <datafield tag="650" ind1="0" ind2="0">
   <subfield code="a">English language -- </subfield>
   <subfield code="x">Teaching </subfield>
  </datafield>
  <datafield tag="700" ind1="1" ind2="1">
   <subfield code="a">Kryszewska, </subfield>
   <subfield code="h">Hanna </subfield>
  </datafield>
 </record>
</collection>
